[Event "OLNO 2122 Greifswalder SV - SV Empor Be"]
[Site "?"]
[Date "2022.03.06"]
[Round "6.1"]
[White "Volke, Karsten"]
[Black "Fromm, Marius"]
[Result "1/2-1/2"]
[WhiteElo "2448"]
[BlackElo "2334"]
[PlyCount "21"]
[EventDate "2022.??.??"]

1. e4 c5 2. c3 Nf6 3. e5 Nd5 4. Nf3 Nc6 5. d4 cxd4 6. cxd4 d6 7. Bc4 dxe5 8.
dxe5 Ndb4 9. Qxd8+ Nxd8 10. Na3 Bd7 11. O-O 1/2-1/2

[Event "OLNO 2122 Greifswalder SV - SV Empor Be"]
[Site "?"]
[Date "2022.03.06"]
[Round "6.2"]
[White "Weber, Max"]
[Black "Thinius, Marco"]
[Result "1-0"]
[WhiteElo "2238"]
[BlackElo "2379"]
[PlyCount "77"]
[EventDate "2022.??.??"]

1. Nf3 c5 2. c4 g6 3. e4 Bg7 4. d4 cxd4 5. Nxd4 Nc6 6. Be3 Qb6 7. Nb5 Qa5+ 8.
Bd2 Qd8 9. N1c3 a6 10. Na3 d6 11. Be2 Nf6 12. O-O O-O 13. Rb1 Nd4 14. Be3 Nxe2+
15. Qxe2 Ng4 16. Bd2 Bd7 17. Nd5 b5 18. cxb5 axb5 19. Nxb5 Rxa2 20. Bg5 f6 21.
Qc4 Bxb5 22. Qxa2 Kh8 23. Bd2 Bxf1 24. Rxf1 Qd7 25. Nf4 Rc8 26. Bc3 f5 27.
Bxg7+ Kxg7 28. Ne6+ Kf6 29. exf5 gxf5 30. Re1 Ne5 31. Nf4 Ng6 32. Nd5+ Kg5 33.
b4 Qb7 34. Qd2+ f4 35. h4+ Kxh4 36. Nxf4 Ne5 37. Ne6 Rg8 38. Qh6+ Kg4 39. Qh3#
1-0

[Event "OLNO 2122 Greifswalder SV - SV Empor Be"]
[Site "?"]
[Date "2022.03.06"]
[Round "6.3"]
[White "Foerster, Jonas"]
[Black "Skibbe, Willi"]
[Result "1-0"]
[WhiteElo "2270"]
[BlackElo "2182"]
[PlyCount "95"]
[EventDate "2022.??.??"]

1. Nf3 f5 2. c4 Nf6 3. b3 g6 4. Bb2 Bg7 5. g3 O-O 6. Bg2 d6 7. d4 e5 8. dxe5
Ng4 9. O-O Nc6 10. Nc3 Ngxe5 11. Nxe5 dxe5 12. Bxc6 bxc6 13. Qxd8 Rxd8 14. Rad1
Be6 15. Na4 Rxd1 16. Rxd1 Re8 17. f4 exf4 18. Bxg7 Kxg7 19. gxf4 Bc8 20. Kf2
Kf6 21. Nc5 Ke7 22. Rd3 Rg8 23. Rh3 Rg7 24. Nd3 Kd6 25. b4 a5 26. a3 axb4 27.
axb4 Ba6 28. Ne5 c5 29. Rd3+ Ke6 30. bxc5 g5 31. e3 Rg8 32. Ra3 Bb7 33. c6 Bc8
34. Ra5 gxf4 35. exf4 Rd8 36. Ke3 Rg8 37. Kd4 Kf6 38. Ra7 Rg7 39. Kc5 Be6 40.
h4 Re7 41. Nd3 Bf7 42. Nb4 Re4 43. Nd5+ Bxd5 44. cxd5 Re7 45. Rxc7 Rxc7 46. d6
Ra7 47. c7 Ra1 48. d7 1-0

[Event "OLNO 2122 Greifswalder SV - SV Empor Be"]
[Site "?"]
[Date "2022.03.06"]
[Round "6.4"]
[White "Stubbe, Wilko"]
[Black "Nitsche-Hahn, Raphael"]
[Result "1-0"]
[WhiteElo "2213"]
[BlackElo "2096"]
[PlyCount "151"]
[EventDate "2022.??.??"]

1. e4 c5 2. Nf3 Nc6 3. Bb5 Nf6 4. Nc3 e5 5. O-O d6 6. h3 Be7 7. d3 O-O 8. Bxc6
bxc6 9. Bg5 Ne8 10. Bxe7 Qxe7 11. Ne2 f5 12. exf5 Bxf5 13. Ng3 Bg6 14. Qd2 Nc7
15. Qg5 Qd7 16. Qg4 Ne6 17. Ng5 Rae8 18. Nxe6 Rxe6 19. Rae1 Rf4 20. Qd1 Qe7 21.
Re3 Bf7 22. Rf3 g5 23. Re1 Ref6 24. Rxf4 gxf4 25. Qg4+ Rg6 26. Qc8+ Qf8 27.
Qxf8+ Kxf8 28. Ne4 Ke7 29. f3 Rg8 30. b3 Bd5 31. Nd2 Be6 32. Kf2 Bf5 33. Re2
Kf6 34. Nc4 Ke6 35. Ke1 Kd7 36. Kd1 Be6 37. Nd2 Bf7 38. Kc1 Re8 39. Ne4 Ke6 40.
a3 Bg6 41. Nd2 d5 42. Kb2 Kd6 43. Kc3 a5 44. a4 Bf5 45. Kb2 Rg8 46. Kc1 Bc8 47.
Kd1 Ke6 48. Ke1 Kf5 49. Kf2 Ba6 50. Re1 Rd8 51. Rb1 Rb8 52. Ke2 Rb4 53. Kf2 c4
54. dxc4 dxc4 55. Ne4 cxb3 56. Rxb3 Rxb3 57. cxb3 Bd3 58. Nc5 e4 59. fxe4+ Bxe4
60. b4 axb4 61. a5 b3 62. Nxb3 c5 63. Nxc5 Bc6 64. a6 Ke5 65. a7 Kd6 66. Nd3
Kc7 67. Nxf4 Kb7 68. Ke3 Kxa7 69. Kd4 Kb7 70. Ke5 Kc7 71. Kf6 Kd6 72. g4 Be4
73. h4 Kd7 74. g5 Ke8 75. Kg7 Ke7 76. h5 1-0

[Event "OLNO 2122 Greifswalder SV - SV Empor Be"]
[Site "?"]
[Date "2022.03.06"]
[Round "6.5"]
[White "Atkinson, Paul"]
[Black "Leisner, Hannes"]
[Result "1-0"]
[WhiteElo "2098"]
[BlackElo "2247"]
[PlyCount "101"]
[EventDate "2022.??.??"]

1. Nf3 d6 2. d4 Nf6 3. c4 Nbd7 4. Nc3 e5 5. e4 Be7 6. Be2 O-O 7. h3 c6 8. Be3
a6 9. a3 b5 10. O-O Rb8 11. b4 Qc7 12. Rc1 Qb7 13. dxe5 dxe5 14. c5 Qc7 15. Qb3
h6 16. g4 Nh7 17. Bd1 Re8 18. Qa2 Ndf8 19. Bb3 Be6 20. Ne2 a5 21. Ng3 axb4 22.
axb4 Ra8 23. Qb2 Bxb3 24. Qxb3 Ne6 25. Nf5 Nhg5 26. Nxg5 Bxg5 27. Rfd1 Ra4 28.
Rd6 g6 29. Rcd1 gxf5 30. Bxg5 hxg5 31. Rd7 Qc8 32. gxf5 Nd8 33. h4 Ra1 34. Rxd8
Qxd8 35. Rxa1 gxh4 36. Kh2 Qd2 37. Qf3 Kf8 38. Ra7 Rd8 39. f6 Qg5 40. Rc7 Kg8
41. Rxc6 Kh7 42. Rd6 Rg8 43. Qf5+ Qxf5 44. exf5 Rg4 45. Rd7 Rxb4 46. Rxf7+ Kg8
47. Rg7+ Kf8 48. c6 Rc4 49. c7 b4 50. Rh7 Rd4 51. c8=R+ 1-0

[Event "OLNO 2122 Greifswalder SV - SV Empor Be"]
[Site "?"]
[Date "2022.03.06"]
[Round "6.6"]
[White "Lange, Jannis"]
[Black "Jahn, Thomas"]
[Result "0-1"]
[WhiteElo "2110"]
[BlackElo "2160"]
[PlyCount "60"]
[EventDate "2022.??.??"]

1. e4 e5 2. Nf3 Nc6 3. Bc4 Nf6 4. d3 Be7 5. O-O O-O 6. c3 d6 7. Nbd2 Kh8 8. h3
Ng8 9. Re1 f5 10. Bxg8 Kxg8 11. exf5 Bxf5 12. Ne4 Qd7 13. Ng3 Bg6 14. d4 exd4
15. cxd4 Kh8 16. Bd2 d5 17. Bc3 Rf4 18. Re3 Raf8 19. Qe2 h5 20. Re1 h4 21. Rxe7
Nxe7 22. Qxe7 Qxe7 23. Rxe7 hxg3 24. fxg3 R4f7 25. Ne5 Rf1+ 26. Kh2 Be4 27.
Rxc7 R8f2 28. h4 Bxg2 29. g4 Be4+ 30. Kh3 Rg2 0-1

[Event "OLNO 2122 Greifswalder SV - SV Empor Be"]
[Site "?"]
[Date "2022.03.06"]
[Round "6.7"]
[White "Silz, Elisa"]
[Black "Kuersten, Ruediger"]
[Result "1/2-1/2"]
[WhiteElo "1934"]
[BlackElo "2186"]
[PlyCount "125"]
[EventDate "2022.??.??"]

1. d4 Nf6 2. Nf3 e6 3. c4 Bb4+ 4. Bd2 Bxd2+ 5. Qxd2 b6 6. g3 O-O 7. Bg2 d5 8.
Nc3 Nbd7 9. O-O Bb7 10. cxd5 exd5 11. Rfd1 Qe7 12. Rac1 Ne4 13. Nxe4 dxe4 14.
Ne1 Nf6 15. Nc2 Nd5 16. Ne3 Nxe3 17. Qxe3 Bd5 18. Rd2 Rad8 19. Rdc2 c6 20. Qc3
Rd6 21. e3 Rh6 22. b4 b5 23. Qc5 Qd7 24. Rc3 g5 25. Ra3 Ra8 26. Ra6 Rf6 27. Rc2
Kg7 28. Rd2 h5 29. h3 Rf5 30. Qc2 Qe7 31. Qc5 Qb7 32. Ra5 Qd7 33. Qc2 Re8 34.
Qb2 Rf6 35. Qc2 Re7 36. Qd1 Kh6 37. Qc2 Be6 38. Bxe4 Bxh3 39. Ra6 Qg4 40. Rxc6
Rxe4 41. Rxf6+ Kg7 42. Qc6 h4 43. Rf4 Rxf4 44. exf4 hxg3 45. f3 Qxf4 46. Qc3
Qf6 47. Qe3 Kg6 48. Rc2 Bf5 49. Rc5 Qh8 50. Rc6+ f6 51. Qe2 Qd8 52. Qe5 Bd3 53.
d5 Bc4 54. Qe4+ Kg7 55. d6 Qh8 56. Rc7+ Bf7 57. Qe2 Qh4 58. Qd2 g4 59. f4 g2
60. Kxg2 Qh3+ 61. Kg1 Qg3+ 62. Kf1 Qf3+ 63. Kg1 1/2-1/2

[Event "OLNO 2122 Greifswalder SV - SV Empor Be"]
[Site "?"]
[Date "2022.03.06"]
[Round "6.8"]
[White "Schwahn, Christian"]
[Black "Freude, Max"]
[Result "0-1"]
[WhiteElo "1973"]
[BlackElo "1823"]
[PlyCount "142"]
[EventDate "2022.??.??"]

1. d4 Nf6 2. g3 d5 3. Bg2 e6 4. Nf3 Be7 5. O-O O-O 6. c4 c6 7. Nc3 Nbd7 8. cxd5
exd5 9. b3 Bd6 10. e4 Nxe4 11. Nxe4 dxe4 12. Ng5 Nf6 13. Nxe4 Nxe4 14. Bxe4 Be6
15. Re1 Qd7 16. h4 Bb4 17. Re3 Rad8 18. Qc2 h6 19. Rd3 Rfe8 20. Bf4 Bf5 21.
Bxf5 Qxf5 22. Rc3 Qxc2 23. Rxc2 Rxd4 24. Be3 Rde4 25. Bxa7 f5 26. Be3 Bd6 27.
Rd1 Bxg3 28. Rd7 R4e7 29. Rxe7 Rxe7 30. fxg3 Rxe3 31. Kf2 Rd3 32. a4 Rxb3 33.
a5 Rb5 34. a6 bxa6 35. Rxc6 Rb2+ 36. Kf3 Ra2 37. Kf4 Ra5 38. g4 fxg4 39. Kxg4
Ra1 40. Kh5 Kh7 41. Rc7 a5 42. Ra7 a4 43. Kg4 a3 44. Kg3 a2 45. Kh2 Kg6 46. Ra5
Kf6 47. h5 Ke6 48. Kg2 Kf6 49. Kh2 Rf1 50. Rxa2 Rf5 51. Ra6+ Kf7 52. Ra7+ Kg8
53. Kh3 Rxh5+ 54. Kg4 Rg5+ 55. Kh4 Kh7 56. Rb7 Ra5 57. Rb4 h5 58. Rb6 g6 59.
Rc6 Kh6 60. Rb6 Ra4+ 61. Kg3 h4+ 62. Kh3 Kh5 63. Rb3 g5 64. Rb8 Ra3+ 65. Kh2
Ra2+ 66. Kg1 h3 67. Kh1 Kh4 68. Rb7 g4 69. Rb1 Ra4 70. Rc1 g3 71. Rb1 h2 0-1

[Event "OLNO 2122 SV Empor Berlin - SF Berlin I"]
[Site "?"]
[Date "2022.03.20"]
[Round "7.1"]
[White "Hoffmann, Udo"]
[Black "Volke, Karsten"]
[Result "1/2-1/2"]
[WhiteElo "2326"]
[BlackElo "2448"]
[PlyCount "49"]
[EventDate "2022.??.??"]

1. e4 d6 2. d4 Nf6 3. Nc3 g6 4. Bc4 Bg7 5. Qe2 Nc6 6. e5 Ng4 7. Bb5 O-O 8. Bxc6
bxc6 9. h3 Nh6 10. Nf3 Rb8 11. O-O Nf5 12. Rd1 Qd7 13. b3 f6 14. Bb2 Kh8 15.
Re1 fxe5 16. dxe5 c5 17. Ne4 Bb7 18. Rad1 Qc6 19. c4 Qxe4 20. Qxe4 Bxe4 21.
Rxe4 a5 22. g4 Ng3 23. Re3 Ne2+ 24. Rxe2 Rxf3 25. exd6 1/2-1/2

[Event "OLNO 2122 SV Empor Berlin - SF Berlin I"]
[Site "?"]
[Date "2022.03.20"]
[Round "7.2"]
[White "Foerster, Jonas"]
[Black "Nogly, Christoph"]
[Result "1-0"]
[WhiteElo "2270"]
[BlackElo "2245"]
[PlyCount "109"]
[EventDate "2022.??.??"]

1. Nf3 d5 2. d4 Nf6 3. c4 e6 4. Bf4 c5 5. e3 Nc6 6. Nc3 cxd4 7. exd4 Bb4 8. a3
Bxc3+ 9. bxc3 Qa5 10. Qb3 O-O 11. Bd3 dxc4 12. Qxc4 e5 13. Nxe5 Nxe5 14. Bxe5
Ng4 15. Bg3 Re8+ 16. Kf1 Bf5 17. Bxf5 Qxf5 18. Kg1 Rac8 19. Qf1 Rxc3 20. h3 Nf6
21. Kh2 Rec8 22. Qb1 Qd5 23. Re1 Rc2 24. Qd1 R2c4 25. Be5 Nd7 26. Rb1 f6 27.
Bg3 Rxd4 28. Qe2 Nc5 29. Rbc1 b6 30. Rc3 h5 31. f3 h4 32. Bf2 Rd2 33. Qe3 g5
34. Kg1 Rd8 35. Qe7 Rxf2 36. Kxf2 Nd3+ 37. Rxd3 Qxd3 38. Qxf6 Qc2+ 39. Kg1 Qc5+
40. Kh1 Rf8 41. Qg6+ Kh8 42. a4 a6 43. Rd1 b5 44. a5 b4 45. Qxa6 Kg7 46. Qe6
Rf7 47. a6 Qc3 48. Qd5 Qe3 49. Rb1 Rc7 50. Qd6 Rc1+ 51. Rxc1 Qxc1+ 52. Kh2 Qa1
53. Qe7+ Kh6 54. a7 b3 55. Qf8+ 1-0

[Event "OLNO 2122 SV Empor Berlin - SF Berlin I"]
[Site "?"]
[Date "2022.03.20"]
[Round "7.3"]
[White "Noetzel, Felix"]
[Black "Sulayev, Daniel"]
[Result "0-1"]
[WhiteElo "2215"]
[BlackElo "2222"]
[PlyCount "62"]
[EventDate "2022.??.??"]

1. c4 c5 2. Nf3 g6 3. d4 Nf6 4. Nc3 Bg7 5. e4 cxd4 6. Nxd4 Nc6 7. Nc2 d6 8. Be2
O-O 9. O-O Bd7 10. Bd2 Rc8 11. Rb1 a6 12. f4 b5 13. cxb5 axb5 14. Nxb5 Nxe4 15.
Be3 Be6 16. a4 Ba2 17. Ra1 Bb3 18. Qd3 Bxc2 19. Qxc2 d5 20. Qb1 Nb4 21. Rc1
Rxc1+ 22. Qxc1 d4 23. Qc4 dxe3 24. Qxb4 Qd2 25. Qxd2 exd2 26. Rd1 Rd8 27. b4
Bd4+ 28. Kf1 Be3 29. Bf3 Nf2 30. Rb1 Rc8 31. Rd1 Rc1 0-1

[Event "OLNO 2122 SV Empor Berlin - SF Berlin I"]
[Site "?"]
[Date "2022.03.20"]
[Round "7.4"]
[White "Nitsche-Hahn, Raphael"]
[Black "Van Hasselt, Frank"]
[Result "1-0"]
[WhiteElo "2096"]
[BlackElo "2226"]
[PlyCount "149"]
[EventDate "2022.??.??"]

1. d4 d5 2. Bf4 Nf6 3. e3 e6 4. Nd2 Bd6 5. Bg3 O-O 6. Bd3 c5 7. c3 b6 8. e4 Be7
9. e5 Ne8 10. Ngf3 Ba6 11. Bc2 Nc6 12. h4 f5 13. Nb3 Rc8 14. Bf4 cxd4 15. Nbxd4
Nxd4 16. Nxd4 Qd7 17. g4 Nc7 18. gxf5 exf5 19. Qf3 Ne6 20. O-O-O Nxd4 21. Rxd4
Qe6 22. Bb3 Bc4 23. Rhd1 Bxb3 24. axb3 Bxh4 25. Rxd5 Be7 26. Rd7 Rfe8 27. Rxa7
Qxb3 28. Rdd7 Kf8 29. Be3 Qe6 30. Bxb6 Kg8 31. Qb7 Qh6+ 32. Kb1 Bf8 33. Bd4 Rb8
34. Qd5+ Kh8 35. c4 Qd2 36. Ka2 Qd1 37. c5 Rb4 38. Bc3 Qxd5+ 39. Rxd5 Rc4 40.
e6 Kg8 41. Kb3 Re4 42. c6 R4xe6 43. c7 Rb6+ 44. Ka2 Rc6 45. Rd7 Rd6 46. Rxd6
Bxd6 47. c8=Q Rxc8 48. Rxg7+ Kf8 49. Rxh7 Rc5 50. Rd7 Be7 51. Rd4 Rc6 52. Bb4
Rc2 53. Bxe7+ Kxe7 54. f4 Ke6 55. Kb3 Re2 56. Kc3 Re1 57. b4 Rc1+ 58. Kb3 Rb1+
59. Kc4 Rc1+ 60. Kb5 Re1 61. Kb6 Re4 62. Kc5 Re1 63. b5 Rc1+ 64. Kb6 Rb1 65.
Kc6 Rc1+ 66. Kb7 Rb1 67. b6 Rb2 68. Kc7 Rc2+ 69. Kb8 Rb2 70. b7 Ra2 71. Kc7
Rc2+ 72. Kb6 Rb2+ 73. Kc6 Rb1 74. Rd6+ Ke7 75. Rd5 1-0

[Event "OLNO 2122 SV Empor Berlin - SF Berlin I"]
[Site "?"]
[Date "2022.03.20"]
[Round "7.5"]
[White "Weber, Daniel"]
[Black "Atkinson, Paul"]
[Result "1-0"]
[WhiteElo "2120"]
[BlackElo "2098"]
[PlyCount "69"]
[EventDate "2022.??.??"]

1. d4 Nf6 2. c4 e6 3. g3 d5 4. Nf3 Be7 5. Bg2 O-O 6. O-O c6 7. Qc2 Nbd7 8. Nbd2
b6 9. Rd1 Bb7 10. e4 Rc8 11. b3 c5 12. exd5 exd5 13. Bb2 dxc4 14. Qxc4 cxd4 15.
Qxd4 Nc5 16. Nc4 Qc7 17. Qe3 Nce4 18. Be5 Bc5 19. Nd4 Qe7 20. Bxf6 Qxf6 21.
Bxe4 Rcd8 22. Bxb7 Bxd4 23. Rxd4 Qxd4 24. Qxd4 Rxd4 25. a4 Rfd8 26. Ne3 Kf8 27.
Ba6 Rd2 28. Rc1 Rb2 29. Rc7 Rdd2 30. Nc4 Rd1+ 31. Kg2 Rxb3 32. Ne3 Rd2 33. Nf5
f6 34. Bc4 Rbb2 35. Rc8+ 1-0

[Event "OLNO 2122 SV Empor Berlin - SF Berlin I"]
[Site "?"]
[Date "2022.03.20"]
[Round "7.6"]
[White "Jahn, Thomas"]
[Black "Offermann, Fernando"]
[Result "1-0"]
[WhiteElo "2160"]
[BlackElo "2170"]
[PlyCount "71"]
[EventDate "2022.??.??"]

1. e4 c5 2. Nf3 d6 3. d4 cxd4 4. Nxd4 Nf6 5. Nc3 a6 6. Bg5 e6 7. f4 Be7 8. Qf3
Qc7 9. O-O-O Nbd7 10. Bd3 h6 11. Bh4 g5 12. fxg5 Ne5 13. Qe2 Nfg4 14. h3 hxg5
15. Bg3 Nf6 16. Qf2 Nh5 17. Bh2 Bd7 18. Rhf1 O-O-O 19. Be2 Rdf8 20. Nf5 Bc6 21.
Nxe7+ Qxe7 22. Qd4 Rd8 23. Bxh5 Rxh5 24. Bxe5 dxe5 25. Qxe5 Rxd1+ 26. Rxd1 f6
27. Qd4 g4 28. hxg4 Rg5 29. Rf1 Rxg4 30. Rxf6 Rxg2 31. e5 Qg7 32. Qd6 Qg5+ 33.
Kb1 Rg1+ 34. Nd1 Be8 35. Rf8 Qh5 36. Rxe8+ 1-0

[Event "OLNO 2122 SV Empor Berlin - SF Berlin I"]
[Site "?"]
[Date "2022.03.20"]
[Round "7.7"]
[White "Lindhauer, Thorben"]
[Black "Dimitriadis, Pavlos"]
[Result "1-0"]
[WhiteElo "1955"]
[BlackElo "1987"]
[PlyCount "79"]
[EventDate "2022.??.??"]

1. d4 Nf6 2. c4 g6 3. Nc3 Bg7 4. e4 d6 5. h3 O-O 6. Bg5 h6 7. Be3 e5 8. d5 c6
9. Bd3 a6 10. Nge2 b5 11. dxc6 b4 12. Nd5 Nxc6 13. Qd2 Kh7 14. Nxb4 Nxb4 15.
Qxb4 Be6 16. O-O Qd7 17. Kh2 Rfb8 18. Qd2 Qb7 19. b3 Nxe4 20. Bxe4 Qxe4 21.
Qxd6 Rd8 22. Qb6 Rdb8 23. Qa5 f5 24. Nc3 Qc6 25. f4 exf4 26. Bxf4 Re8 27. Rad1
g5 28. Rd6 Qc8 29. Bg3 f4 30. Be1 Bf7 31. Nd5 Re6 32. Rxe6 Bxe6 33. Nb6 Qb8 34.
Nxa8 Qxa8 35. Bc3 Bf8 36. Qe5 Qc6 37. Re1 f3 38. Qh8+ Kg6 39. Qf6+ Kh7 40. Rxe6
1-0

[Event "OLNO 2122 SV Empor Berlin - SF Berlin I"]
[Site "?"]
[Date "2022.03.20"]
[Round "7.8"]
[White "Schabe, Felix"]
[Black "Skogvall, Martina"]
[Result "1-0"]
[WhiteElo "1952"]
[BlackElo "2004"]
[PlyCount "103"]
[EventDate "2022.??.??"]

1. Nf3 Nf6 2. g3 d6 3. d4 g6 4. Bg2 Bg7 5. O-O O-O 6. c4 c6 7. Nc3 Qa5 8. e4
Qh5 9. Ng5 h6 10. Qxh5 Nxh5 11. Nf3 Nd7 12. Be3 f5 13. Nh4 Kh7 14. exf5 gxf5
15. Nxf5 Rxf5 16. g4 Rf8 17. Be4+ Kh8 18. gxh5 Nf6 19. Bf3 Ng4 20. Be2 e5 21.
d5 Nxe3 22. fxe3 Bh3 23. Rf2 Rxf2 24. Kxf2 Bf6 25. Kg3 Bf5 26. Bg4 Bd3 27. b3
e4 28. Rc1 Bg5 29. Re1 Rf8 30. h4 Bf6 31. Ne2 Bxe2 32. Rxe2 Be5+ 33. Kg2 Rg8
34. Kh3 Rf8 35. dxc6 bxc6 36. Bd7 Rg8 37. Rg2 Rf8 38. Bxc6 Rf3+ 39. Kg4 Rxe3
40. Kf5 Rf3+ 41. Kxe4 Rf4+ 42. Kd5 Rxh4 43. c5 Rd4+ 44. Ke6 Bf4 45. Rc2 Kg7 46.
Bd5 dxc5 47. Rxc5 Rd2 48. Rc4 Bh2 49. Ra4 Re2+ 50. Kd7 Bb8 51. Bc4 Re5 52. Rb4
1-0

[Event "OLNO 2122 SV Glückauf Rüdersdorf - Gr"]
[Site "?"]
[Date "2022.03.20"]
[Round "7.1"]
[White "Fromm, Marius"]
[Black "Kanarek, Marcel"]
[Result "1/2-1/2"]
[WhiteElo "2334"]
[BlackElo "2484"]
[PlyCount "57"]
[EventDate "2022.??.??"]

1. e4 c5 2. Nf3 e6 3. d4 cxd4 4. Nxd4 Nf6 5. Nc3 Nc6 6. Nxc6 bxc6 7. e5 Nd5 8.
Ne4 Bb7 9. Be2 c5 10. O-O Qc7 11. Nd6+ Bxd6 12. exd6 Qc6 13. f3 c4 14. Qd4 O-O
15. Bxc4 Qxd6 16. Rd1 Rfc8 17. Bb3 Qb6 18. c4 Qxd4+ 19. Rxd4 Nb6 20. Be3 d5 21.
cxd5 Bxd5 22. Bd1 Nc4 23. Bc1 Rc6 24. b3 Nd6 25. Bb2 Nb5 26. Rd2 Rac8 27. Be2
Nc3 28. Bf1 h6 29. h4 1/2-1/2

[Event "OLNO 2122 SV Glückauf Rüdersdorf - Gr"]
[Site "?"]
[Date "2022.03.20"]
[Round "7.2"]
[White "Leniart, Arkadiusz"]
[Black "Weber, Max"]
[Result "1-0"]
[WhiteElo "2465"]
[BlackElo "2238"]
[PlyCount "73"]
[EventDate "2022.??.??"]

1. e4 c5 2. Nf3 e6 3. d4 cxd4 4. Nxd4 Nc6 5. Nc3 Qc7 6. g3 a6 7. Bg2 Nf6 8. O-O
Nxd4 9. Qxd4 Bc5 10. Bf4 d6 11. Qd3 Ng4 12. Na4 e5 13. Bd2 Be6 14. Nxc5 dxc5
15. h3 Nf6 16. f4 O-O 17. Bc3 Rfd8 18. Bxe5 Qc8 19. Qc3 Bxh3 20. Bxf6 gxf6 21.
Qxf6 Bxg2 22. Kxg2 Qg4 23. Rf2 Rd4 24. Re1 Re8 25. Qb6 Rdxe4 26. Rxe4 Rxe4 27.
Qxc5 Re1 28. Qd5 h5 29. Qf3 Qg6 30. f5 Qg5 31. Qxb7 Qc1 32. Kh2 Rg1 33. Qa8+
Kh7 34. Qf3 Kg8 35. Re2 Re1 36. Rxe1 Qxe1 37. Kh3 1-0

[Event "OLNO 2122 SV Glückauf Rüdersdorf - Gr"]
[Site "?"]
[Date "2022.03.20"]
[Round "7.3"]
[White "Skibbe, Willi"]
[Black "Sieciechowicz, Marcin"]
[Result "0-1"]
[WhiteElo "2182"]
[BlackElo "2389"]
[PlyCount "40"]
[EventDate "2022.??.??"]

1. d4 Nf6 2. c4 g6 3. Nc3 Bg7 4. e4 d6 5. Nf3 O-O 6. Be2 e5 7. Be3 Ng4 8. Bg5
f6 9. Bc1 exd4 10. Nxd4 f5 11. Bxg4 fxg4 12. Be3 Nc6 13. Qd2 Ne5 14. b3 a6 15.
a4 c6 16. O-O Qh4 17. Bg5 Qh5 18. Bf4 Nf3+ 19. Nxf3 gxf3 20. Bg3 Bh3 0-1

[Event "OLNO 2122 SV Glückauf Rüdersdorf - Gr"]
[Site "?"]
[Date "2022.03.20"]
[Round "7.4"]
[White "Steczek, Marcin"]
[Black "Stubbe, Wilko"]
[Result "1-0"]
[WhiteElo "2357"]
[BlackElo "2213"]
[PlyCount "89"]
[EventDate "2022.??.??"]

1. Nf3 Nf6 2. c4 g6 3. Nc3 Bg7 4. g3 O-O 5. Bg2 c6 6. O-O d6 7. d3 Nbd7 8. Rb1
Qa5 9. d4 Qh5 10. Ng5 Nb6 11. h3 Bh8 12. Qd3 Re8 13. Rd1 d5 14. cxd5 cxd5 15.
g4 Nxg4 16. hxg4 Bxg4 17. f3 Bd7 18. f4 h6 19. Nf3 Bf5 20. e4 dxe4 21. Nxe4
Rad8 22. Bd2 Nd5 23. Rbc1 Nf6 24. Nxf6+ exf6 25. Qb5 a6 26. Qb6 Be4 27. Rf1 f5
28. Be3 g5 29. Ne1 Qg4 30. Rc3 Bc6 31. Rxc6 bxc6 32. Bf2 Rd6 33. Qc5 Red8 34.
Nf3 Qxf4 35. Qc3 Re6 36. Ne5 Rxe5 37. dxe5 Bxe5 38. Qh3 g4 39. Qh4 Rd3 40. Bc5
Qc4 41. b4 Qxa2 42. Rxf5 Rd1+ 43. Bf1 g3 44. Rxe5 Rxf1+ 45. Kxf1 1-0

[Event "OLNO 2122 SV Glückauf Rüdersdorf - Gr"]
[Site "?"]
[Date "2022.03.20"]
[Round "7.5"]
[White "Leisner, Hannes"]
[Black "Szadkowski, Kamil"]
[Result "1/2-1/2"]
[WhiteElo "2247"]
[BlackElo "2325"]
[PlyCount "22"]
[EventDate "2022.??.??"]

1. e3 Nf6 2. Nf3 e6 3. c4 d5 4. b3 Be7 5. Bb2 O-O 6. Be2 c5 7. O-O Nc6 8. d4
cxd4 9. Nxd4 Nxd4 10. Qxd4 dxc4 11. Bxc4 Qxd4 1/2-1/2

[Event "OLNO 2122 SV Glückauf Rüdersdorf - Gr"]
[Site "?"]
[Date "2022.03.20"]
[Round "7.6"]
[White "Janaszak, Dawid"]
[Black "Stopsack, Malte"]
[Result "1/2-1/2"]
[WhiteElo "2333"]
[BlackElo "2226"]
[PlyCount "52"]
[EventDate "2022.??.??"]

1. e4 c5 2. Nc3 a6 3. Nge2 b5 4. g3 Bb7 5. Bg2 e6 6. d4 cxd4 7. Nxd4 Nf6 8. O-O
b4 9. Na4 Bxe4 10. Bxe4 Nxe4 11. Re1 Nc5 12. c4 Nxa4 13. Qxa4 Be7 14. Be3 O-O
15. c5 Qc8 16. Rac1 Qb7 17. Red1 Nc6 18. Rc4 Ne5 19. Rxb4 Qd5 20. Qb3 Qxc5 21.
Rb7 Bf6 22. Nxe6 Nf3+ 23. Kf1 Nxh2+ 24. Kg1 Nf3+ 25. Kf1 Nh2+ 26. Kg1 Nf3+
1/2-1/2

[Event "OLNO 2122 SV Glückauf Rüdersdorf - Gr"]
[Site "?"]
[Date "2022.03.20"]
[Round "7.7"]
[White "Valet, Richard"]
[Black "Dudzinski, Piotr"]
[Result "0-1"]
[WhiteElo "2027"]
[BlackElo "2320"]
[PlyCount "86"]
[EventDate "2022.??.??"]

1. e4 e6 2. d4 d5 3. e5 c5 4. c3 b6 5. a3 Qd7 6. g3 Ne7 7. h4 h5 8. Ne2 Ba6 9.
Bh3 Nbc6 10. Be3 cxd4 11. cxd4 Na5 12. b4 Nc4 13. Nbc3 Rc8 14. O-O g6 15. Bg5
Nb2 16. Qd2 Bxe2 17. Nxe2 Nc4 18. Qd3 Bg7 19. Bxe7 Qxe7 20. Nf4 O-O 21. Ra2 Rc7
22. Rb1 Re8 23. a4 Bh6 24. Nxg6 fxg6 25. Qxg6+ Bg7 26. Qxh5 Qf7 27. Qg5 Kh7 28.
Bf1 Qg6 29. Qxg6+ Kxg6 30. Bd3+ Kf7 31. h5 Ke7 32. a5 b5 33. Kg2 Bh6 34. f4
Ne3+ 35. Kh3 Rc3 36. Bxb5 Rg8 37. Rg1 Nf5 38. Rf2 Rgxg3+ 39. Rxg3 Rxg3+ 40. Kh2
Rg4 41. Rc2 Bxf4+ 42. Kh1 Nxd4 43. Rc7+ Kd8 0-1

[Event "OLNO 2122 SV Glückauf Rüdersdorf - Gr"]
[Site "?"]
[Date "2022.03.20"]
[Round "7.8"]
[White "Sroczynski, Maciej"]
[Black "Schwahn, Christian"]
[Result "1-0"]
[WhiteElo "2273"]
[BlackElo "1973"]
[PlyCount "63"]
[EventDate "2022.??.??"]

1. d4 Nf6 2. g3 e6 3. c4 Bb4+ 4. Bd2 a5 5. Bg2 d5 6. a3 Be7 7. Nf3 O-O 8. O-O
dxc4 9. Qc2 b6 10. Ne5 Ra7 11. e3 c5 12. dxc5 Bxc5 13. Nxc4 Ba6 14. b4 Bxc4 15.
Qxc4 Be7 16. bxa5 bxa5 17. Rd1 Rd7 18. Qe2 Qb6 19. Nc3 Rfd8 20. Rab1 Qa7 21. a4
Bb4 22. Nb5 Qc5 23. Bxb4 axb4 24. Rxd7 Rxd7 25. Qb2 Na6 26. Rc1 Qf8 27. h3 h5
28. Bf3 Qb8 29. Rc6 Qb7 30. Qc2 Rd8 31. Rd6 Rc8 32. Rd8+ 1-0

[Event "OLNO 2122 SK König Tegel II - SG Güst"]
[Site "?"]
[Date "2022.03.20"]
[Round "7.1"]
[White "Luther, Alexander"]
[Black "Giemsa, Stephan"]
[Result "0-1"]
[WhiteElo "2065"]
[BlackElo "2281"]
[PlyCount "56"]
[EventDate "2022.??.??"]

1. d4 Nf6 2. c4 g6 3. Nc3 d5 4. cxd5 Nxd5 5. Bd2 Bg7 6. e4 Nxc3 7. Bxc3 O-O 8.
Qd2 b6 9. h4 Bb7 10. d5 Bxc3 11. bxc3 c6 12. h5 cxd5 13. hxg6 fxg6 14. Nf3 Qd6
15. Qh6 Rf7 16. Ng5 Qf6 17. Rc1 Qxf2+ 18. Kd1 Bc6 19. Be2 Ba4+ 20. Kd2 Qf4+ 21.
Kd3 Na6 22. Bf3 Nc5+ 23. Ke2 dxe4 24. Nxf7 exf3+ 25. gxf3 Qxf7 26. Rh4 Rf8 27.
Qe3 Bc6 28. Rh3 Qc4+ 0-1

[Event "OLNO 2122 SK König Tegel II - SG Güst"]
[Site "?"]
[Date "2022.03.20"]
[Round "7.2"]
[White "Rietze, Clemens"]
[Black "Seiler, Dirk"]
[Result "1-0"]
[WhiteElo "2279"]
[BlackElo "2125"]
[PlyCount "69"]
[EventDate "2022.??.??"]

1. d4 Nf6 2. c4 c5 3. d5 b5 4. cxb5 a6 5. b6 d6 6. Nc3 Nbd7 7. e4 Nxb6 8. a4 g6
9. Be2 Bg7 10. Nf3 O-O 11. Nd2 Rb8 12. O-O Ne8 13. Qc2 Nc7 14. b3 a5 15. Bb2
Na6 16. Nc4 Nb4 17. Qd2 Nxc4 18. Bxc4 Ba6 19. Rab1 Bxc4 20. bxc4 Qd7 21. Nb5
Bxb2 22. Rxb2 Qg4 23. Re1 Qh4 24. Rb3 Qf6 25. Rbe3 Qe5 26. Rh3 Rbd8 27. f4 Qf6
28. g4 e5 29. f5 Qg7 30. Kh1 f6 31. fxg6 hxg6 32. Rf1 Qe7 33. Qh6 Qg7 34. Qxg7+
Kxg7 35. Nc7 1-0